Bez dresu

O svojom futbalovom príbehu rozpáva futbalová hviezda Marek Hamšík a jeho otec Richard Hamšík.

Gespeichert in:
Bibliographische Detailangaben
1. Verfasser: Hinšt, Jaroslav
Weitere Verfasser: Matijek, Peter, Hamšík, Marek, Hamšík, Richard
Format: Buchkapitel
Sprache:Slowakisch
Schlagworte:
Tags: Tag hinzufügen
Keine Tags, Fügen Sie das erste Tag hinzu!

MARC

LEADER 00000naa a2200000 4500
001 0204857
005 20231013091707.8
041 0 |a slo 
044 |a SK 
245 1 0 |a Bez dresu  |c Jaroslav Hinšt, Peter Matijek, Marek Hamšík, Richard Hamšík 
520 |a O svojom futbalovom príbehu rozpáva futbalová hviezda Marek Hamšík a jeho otec Richard Hamšík. 
610 2 0 |a šport 
610 2 0 |a hodnota trhová 
610 2 0 |a financie 
610 2 0 |a marketing 
100 1 |a Hinšt, Jaroslav 
700 1 |a Matijek, Peter 
700 1 |a Hamšík, Marek 
700 1 |a Hamšík, Richard